000 00713nam a2200205Ii 4500
003 JO-AjNU
008 230605s9999||||xx |||||||||||||| ||und||
040 _aJO-AjNU
_bara
_erda
_cJO-AjNU
041 _aara
050 1 4 _aK1001.A4464.1996
100 3 _a حسن ، علي عوض,
_eauthor
_931364
245 0 0 _aالصيغ القانونية للدعاوى التجارية
250 _a(د،ط)
264 3 1 _aالاسكندرية : دار المطبوعات الجامعية ، 1996
300 _a351ص
336 _atext
_btxt
_2rdacontent
337 _aunmediated
_bn
_2rdamedia
338 _avolume
_bnc
_2rdacarrier
650 4 _aدعوى (قانون) -- مصر -- قانون تجاري -- مصر
_931365
999 _aA12538
_c16106
_d16106